UM Logo

Transaction theory rebooted : (Record no. 21279)

MARC details
000 -LEADER
fixed length control field 00725nam a22001817a 4500
003 - CONTROL NUMBER IDENTIFIER
control field OSt
005 - DATE AND TIME OF LATEST TRANSACTION
control field 20250909193544.0
008 - FIXED-LENGTH DATA ELEMENTS--GENERAL INFORMATION
fixed length control field 240903b ||||| |||| 00| 0 eng d
040 ## - CATALOGING SOURCE
Transcribing agency 0
082 ## - DEWEY DECIMAL CLASSIFICATION NUMBER
Classification number DPer 808.042 C686 June-February 2021, v. 72-73 n. 1-4
100 ## - MAIN ENTRY--PERSONAL NAME
Personal name Scott, Jonathan.
Relator term author.
9 (RLIN) 60044
245 ## - TITLE STATEMENT
Title Transaction theory rebooted :
Remainder of title what neuroscience's research on reading means for composition /
Statement of responsibility, etc. Jonathan Scott.
260 ## - PUBLICATION, DISTRIBUTION, ETC. (IMPRINT)
Place of publication, distribution, etc. USA ;
Name of publisher, distributor, etc. National Council of Teachers of English ,
Date of publication, distribution, etc. February 2022.
300 ## - PHYSICAL DESCRIPTION
Extent Volume 72-73, pages 526-561 ;
Dimensions 23 cm.
500 ## - GENERAL NOTE
General note College Composition & Communication, v. 73, n. 3, pages 526-561, February 2022.
700 ## - ADDED ENTRY--PERSONAL NAME
Personal name Scott, Jonathan.
Relator term author.
9 (RLIN) 60044
942 ## - ADDED ENTRY ELEMENTS (KOHA)
Source of classification or shelving scheme Dewey Decimal Classification
Koha item type Periodicals
Holdings
Withdrawn status Lost status Source of classification or shelving scheme Damaged status Not for loan Collection code Home library Current library Date acquired Total Checkouts Full call number Date last seen Price effective from Koha item type Public note
    Dewey Decimal Classification     Periodicals UM Digos College - LIC UM Digos College - LIC 09/03/2024   DPer 808.042 C686 June-February 2021, v. 72-73 n. 1-4 09/03/2024 09/03/2024 Periodicals Periodical Article